000 01035nam a2200313 i 4500
003 EG-GICUC
005 20260429095237.0
008 260429s1952 fr ||||fr|||| 00| 0 fre d
040 _aEG-GiCUC
_bfre
_cEG-GiCUC
_dEG-GiCUC
_eRda
041 0 _afre
082 0 4 _221
_a343.82
_bFR . D
092 0 4 _221
099 _aLaw1 10 343.82 FR . D 1952
100 1 _aGorphe, François
_eAuteur
245 1 4 _aLes Décisions de Justice :
_bÉtude Psychologique et Judiciaire /
_cFrançois Gorphe
264 1 _aParis :
_bRecueil Sirey, 22 Rue Soufflot,
_c1952
300 _a191 page ;
_c 24 cm.
_billustration ;
336 _2rda contenu
_a texte
337 _2rda medias
_aOrdinateur
338 _2 transporteur rda
_a Ressource en ligne
504 _aComprend des références bibliographiques.
546 _aTexte en français
650 1 _aDroit pénal
_2qrmak
651 1 _2qrmak
700 1 _aAllott, D. A
_ePrésident
856 4 0 _uhttps://fll.law.cu.edu.eg/fulltext/bks/B10-11779.pdf
905 _a74
942 _2ddc
_n0
_cBK
_e21
999 _c74048
_d74048